On the happy life : St. Augustine's Cassiciacum Dialogues. Volume 2 /

Bibliographic Details
Main Author: Augustine, of Hippo, Saint, 354-430 (Author)
Other Authors: Foley, Michael P., 1970- (Translator, Contributor)
Format: eBook
Language:English
Published: New Haven : Yale University Press, [2019]
Subjects:
Online Access:Connect to the full text of this electronic book

MARC

Tag First Indicator Second Indicator Subfields
LEADER 00000cam a2200000Ii 4500
001 in00004436331
005 20210422112516.0
006 m o d
007 cr cnu---unuuu
008 190603s2019 ctu ob 001 0 eng d
020 |a 9780300244885  |q electronic book 
020 |a 0300244886  |q electronic book 
020 |z 9780300238525 
035 |a (NhCcYBP)jstorjstor (organization) 
037 |a 22573/ctvhqnfrp  |b JSTOR 
040 |a NhCcYBP  |c NhCcYBP  |d UtOrBLW 
050 4 |a BT750  |b .A94 2019 
072 7 |a REL  |x 067100  |2 bisacsh 
072 7 |a REL  |x 108020  |2 bisacsh 
072 7 |a PHI  |x 022000  |2 bisacsh 
072 7 |a HIS  |x 002020  |2 bisacsh 
082 0 4 |a 234  |2 23 
100 0 |a Augustine,  |c of Hippo, Saint,  |d 354-430,  |e author.  |0 http://id.loc.gov/authorities/names/n80126290 
245 1 0 |a On the happy life :  |b St. Augustine's Cassiciacum Dialogues.  |n Volume 2 /  |c [St. Augustine] ; translation, annotation, and commentary by Michael P. Foley. 
246 3 |a Cassiciacum diaglogues 
264 1 |a New Haven :  |b Yale University Press,  |c [2019] 
300 |a 1 online resource. 
336 |a text  |b txt  |2 rdacontent 
337 |a computer  |b c  |2 rdamedia 
338 |a online resource  |b cr  |2 rdacarrier 
504 |a Includes bibliographical references and index. 
505 0 |a Cover; Half Title; Title; Copyright; Contents; Dedication; Preface; Acknowledgments; Translation Key; General Introduction to the Cassiciacum Dialogues; ON THE HAPPY LIFE; INTRODUCTION; 1; 2; 3; 4; COMMENTARY; Time Line: The Probable Chronology of the Cassiciacum Retreat; Glossary of Select Names; Notes; Bibliography; Index; A; B; C; D; E; F; G; H; I; J; K; L; M; N; O; P; Q; R; S; T; U; V; W; Z 
588 |a Description based on online resource; title from digital title page (viewed on June 27, 2019). 
500 |a Electronic resource. 
650 0 |a Salvation  |x Christianity  |x History of doctrines.  |0 http://id.loc.gov/authorities/subjects/sh85116934 
600 0 0 |a Augustine,  |c of Hippo, Saint,  |d 354-430  |x Theology. 
655 7 |a Electronic books.  |2 local 
700 1 |a Foley, Michael P.,  |d 1970-  |e translator,  |e contributor.  |0 http://id.loc.gov/authorities/names/n2001106010 
856 4 0 |u http://proxy.library.tamu.edu/login?url=https://www.jstor.org/stable/10.2307/j.ctvhn0dv2  |z Connect to the full text of this electronic book  |t 0 
945 |a machinegen 
955 |a JSTOR DDA record 
999 f f |s ddf44ded-64f0-36a6-8ccd-bd6ebf039272  |i 1c7709bd-9064-39d6-92b2-85c7a41cd961  |t 0 
952 f f |a Texas A&M University  |b College Station  |c Electronic Resources  |d Available Online  |t 0  |e BT750 .A94 2019  |h Library of Congress classification 
998 f f |a BT750 .A94 2019  |t 0  |l Available Online